| 000 | 00546cam a22002171 4500 | ||
|---|---|---|---|
| 001 | sa 67005393 | ||
| 003 | DLC | ||
| 005 | 20260227112357.0 | ||
| 008 | 890529s1966 xx 000 0 tamo | ||
| 010 | _asa 67005393 | ||
| 035 | _a(OCoLC)23565992 | ||
| 040 |
_aDLC _cMiU _dDLC |
||
| 042 | _apremarc | ||
| 050 | 0 | 0 |
_aQB51 _b.S779 |
| 100 | 2 |
_aSubramania Sastrigal, V., _d1910- |
|
| 245 | 1 | 0 | _aLīlāvati vāna cāstiram. |
| 260 | _c[1966?] | ||
| 300 |
_a6 v. in 1. illus. (part fold) _c21 cm. |
||
| 500 | _aRomanized. | ||
| 650 | 0 | _aAstronomy. | |
| 999 |
_c75169 _d75169 |
||